| 000 | 00406nam a2200145 i 4500 | ||
|---|---|---|---|
| 001 | 38595 | ||
| 003 | ES-MaACL | ||
| 007 | t| | ||
| 008 | 030226s1844 fr ||||1| fre d | ||
| 100 | 1 |
_aBurnouf, Emile. _932744 |
|
| 245 | 1 | 0 |
_aIntroduction a l'histoire du Buddhisme indien / _cpar Emile Burnouf. |
| 260 |
_aParĂs : _bImprimerie Royale, _c1844. |
||
| 300 |
_a1 v. ; _c30 cm. |
||
| 852 |
_aES-MaACL _jG-11632 |
||
| 999 |
_c38595 _d38595 |
||